[Event "Zone 3.1 Championship 2013"]
[Site "Doha, Qatar"]
[Date "2013.05.08"]
[Round "5.2"]
[White "Ghaem Maghami, Ehsan"]
[Black "Darini, Pouria"]
[Result "0-1"]
[LiveChessVersion "1.4.1"]
[BlackElo "2530"]
[WhiteElo "2568"]

1. d4 {[%clk 1:30:02]} Nf6 {[%clk 1:30:51]} 2. c4 {[%clk 1:29:57]} g6
{[%clk 1:31:14]} 3. Nc3 Bg7 {[%clk 1:26:57]} 4. e4 {[%clk 1:29:29]} d6
{[%clk 1:27:22]} 5. f3 {[%clk 1:24:37]} O-O {[%clk 1:27:10]} 6. Be3
{[%clk 1:24:56]} c5 {[%clk 1:25:21]} 7. Nge2 {[%clk 1:19:28]} Nc6
{[%clk 1:25:39]} 8. d5 {[%clk 1:14:22]} Ne5 {[%clk 1:26:03]} 9. Ng3
{[%clk 1:14:45]} h5 {[%clk 1:26:02]} 10. Be2 {[%clk 1:14:53]} h4 {[%clk 1:26:24]}
11. Nf1 {[%clk 1:15:16]} e6 {[%clk 1:26:48]} 12. Nd2 {[%clk 1:12:30]} exd5
{[%clk 1:20:16]} 13. cxd5 {[%clk 1:12:37]} a6 {[%clk 1:17:16]} 14. a4
{[%clk 1:12:34]} Bd7 15. a5 {[%clk 0:57:46]} b5 {[%clk 1:05:53]} 16. axb6
{[%clk 0:57:42]} Qxb6 {[%clk 1:06:19]} 17. Ra2 Qb4 {[%clk 0:55:03]} 18. Qa1
{[%clk 0:41:04]} Nh5 {[%clk 0:46:44]} 19. Ra3 {[%clk 0:38:16]} c4
{[%clk 0:33:30]} 20. f4 {[%clk 0:35:30]} Ng4 {[%clk 0:31:36]} 21. Bxg4
{[%clk 0:35:34]} Bxg4 {[%clk 0:32:05]} 22. Ra4 {[%clk 0:34:56]} Qb8 23. Rxc4
{[%clk 0:32:13]} Rc8 {[%clk 0:21:37]} 24. Qa3 {[%clk 0:27:18]} a5
{[%clk 0:15:20]} 25. O-O {[%clk 0:18:27]} Rxc4 {[%clk 0:15:48]} 26. Nxc4
{[%clk 0:18:46]} Qb4 {[%clk 0:16:17]} 27. Qxb4 {[%clk 0:19:01]} axb4
{[%clk 0:16:43]} 28. Nb5 {[%clk 0:19:15]} Be2 {[%clk 0:16:12]} 29. Rc1
{[%clk 0:17:38]} Bxb2 {[%clk 0:15:34]} 30. Nxb2 {[%clk 0:11:48]} Bxb5 31. Nc4
{[%clk 0:08:39]} b3 {[%clk 0:12:58]} 32. Nd2 {[%clk 0:08:04]} b2 {[%clk 0:13:11]}
33. Rb1 {[%clk 0:01:01]} Ra1 {[%clk 0:13:21]} 34. Bd4 {[%clk 0:00:54]} Rxb1+
{[%clk 0:13:21]} 35. Nxb1 {[%clk 0:01:19]} Bd3 {[%clk 0:13:46]} 36. Bxb2
{[%clk 0:01:34]} Bxb1 {[%clk 0:14:12]} 37. e5 {[%clk 0:01:42]} Nxf4
{[%clk 0:14:21]} 38. exd6 {[%clk 0:02:06]} Bf5 {[%clk 0:14:44]} 39. Bf6
{[%clk 0:02:01]} h3 {[%clk 0:15:03]} 0-1

[Event "Zone 3.1 Championship 2013"]
[Site "Doha, Qatar"]
[Date "2013.05.08"]
[Round "5.3"]
[White "Tamra, Attallah"]
[Black "Nezad, Husein Aziz"]
[Result "0-1"]
[LiveChessVersion "1.4.1"]
[BlackElo "2410"]
[WhiteElo "2080"]

1. e4 {[%clk 1:24:38]} e5 {[%clk 1:30:28]} 2. Nf3 {[%clk 1:24:56]} Nc6
{[%clk 1:30:53]} 3. d4 {[%clk 1:24:03]} exd4 {[%clk 1:31:12]} 4. Bc4
{[%clk 1:24:27]} Nf6 {[%clk 1:30:38]} 5. e5 {[%clk 1:24:24]} d5 {[%clk 1:31:01]}
6. Bb5 {[%clk 1:24:48]} Ne4 {[%clk 1:30:49]} 7. Nxd4 {[%clk 1:25:06]} Bd7
{[%clk 1:30:57]} 8. Bxc6 {[%clk 1:25:31]} bxc6 {[%clk 1:31:22]} 9. O-O
{[%clk 1:25:37]} Bc5 {[%clk 1:31:26]} 10. f3 {[%clk 1:25:29]} Ng5
{[%clk 1:31:38]} 11. f4 {[%clk 1:25:56]} Ne4 {[%clk 1:32:01]} 12. Be3
{[%clk 1:25:56]} Bb6 {[%clk 1:32:11]} 13. Nc3 {[%clk 1:20:31]} Nxc3
{[%clk 1:30:49]} 14. bxc3 {[%clk 1:21:10]} O-O {[%clk 1:31:11]} 15. Qf3
{[%clk 1:16:10]} Qe7 {[%clk 1:22:35]} 16. Rae1 {[%clk 1:10:18]} Rae8
{[%clk 1:10:51]} 17. Nb3 {[%clk 1:02:20]} Bf5 {[%clk 1:10:31]} 18. Qf2
{[%clk 0:59:37]} Qa3 {[%clk 1:07:29]} 19. Nd4 {[%clk 0:47:42]} Be4
{[%clk 1:06:49]} 20. Nxc6 {[%clk 0:40:24]} Qxc3 {[%clk 1:06:46]} 21. Bxb6
{[%clk 0:36:39]} axb6 {[%clk 1:06:50]} 22. Nd4 {[%clk 0:37:06]} f6
{[%clk 1:04:47]} 23. exf6 {[%clk 0:33:47]} Rxf6 {[%clk 1:04:32]} 24. Qe3
{[%clk 0:28:31]} Qxe3+ {[%clk 1:00:15]} 25. Rxe3 {[%clk 0:28:58]} Ra8
{[%clk 1:00:25]} 26. a3 {[%clk 0:26:50]} c5 {[%clk 0:59:52]} 27. Nb5
{[%clk 0:23:49]} Bxc2 {[%clk 1:00:03]} 28. Nc7 {[%clk 0:22:46]} Rd8
{[%clk 0:59:38]} 29. Re7 {[%clk 0:22:57]} d4 {[%clk 0:53:26]} 30. Rf2
{[%clk 0:05:53]} d3 {[%clk 0:51:47]} 31. Rd2 {[%clk 0:06:12]} c4 {[%clk 0:50:13]}
32. Nb5 {[%clk 0:06:05]} Rc6 {[%clk 0:45:19]} 33. Rb7 {[%clk 0:00:33]} c3
{[%clk 0:44:31]} 34. Nxc3 {[%clk 0:00:52]} Rxc3 {[%clk 0:44:46]} 35. Rxb6
{[%clk 0:00:47]} Rxa3 {[%clk 0:44:44]} 36. Rc6 {[%clk 0:00:35]} Re8
{[%clk 0:43:45]} 37. Kf2 {[%clk 0:00:35]} Ra1 {[%clk 0:43:18]} 0-1

[Event "Zone 3.1 Championship 2013"]
[Site "Doha, Qatar"]
[Date "2013.05.08"]
[Round "5.4"]
[White "Eid, Fadi"]
[Black "Khader, Sami"]
[Result "1/2-1/2"]
[LiveChessVersion "1.4.1"]
[BlackElo "2374"]
[WhiteElo "2364"]

1. e4 {[%clk 1:20:13]} e5 {[%clk 1:29:59]} 2. Nf3 {[%clk 1:19:59]} Nc6
{[%clk 1:30:22]} 3. Nc3 {[%clk 1:19:56]} Nf6 {[%clk 1:30:29]} 4. d4
{[%clk 1:20:16]} exd4 {[%clk 1:30:49]} 5. Nxd4 {[%clk 1:20:43]} Bb4
{[%clk 1:31:12]} 6. Nxc6 {[%clk 1:21:03]} bxc6 {[%clk 1:31:36]} 7. Bd3
{[%clk 1:21:27]} d5 {[%clk 1:30:42]} 8. exd5 {[%clk 1:21:25]} cxd5
{[%clk 1:31:07]} 9. O-O {[%clk 1:21:46]} O-O {[%clk 1:31:23]} 10. Bg5
{[%clk 1:21:58]} c6 {[%clk 1:30:04]} 11. Qf3 {[%clk 1:20:35]} Be7
{[%clk 1:26:50]} 12. Rae1 {[%clk 1:20:12]} Be6 {[%clk 1:23:50]} 13. Rxe6
{[%clk 0:54:25]} fxe6 {[%clk 1:23:40]} 14. Qh3 {[%clk 0:52:58]} h6
{[%clk 1:11:21]} 15. Bxh6 {[%clk 0:34:15]} gxh6 {[%clk 0:59:56]} 16. Qg3+
{[%clk 0:34:16]} Kh8 {[%clk 0:59:47]} 17. Qg6 {[%clk 0:34:11]} Qe8
{[%clk 0:58:52]} 18. Qxh6+ {[%clk 0:34:07]} Kg8 {[%clk 0:59:14]} 19. Qg5+
{[%clk 0:34:07]} Kh8 {[%clk 0:59:23]} 20. Qh6+ {[%clk 0:34:30]} Kg8
{[%clk 0:59:37]} 21. Qg5+ {[%clk 0:34:53]} Kh8 {[%clk 0:59:43]} 22. Qh6+
{[%clk 0:35:16]} 1/2-1/2

[Event "Zone 3.1 Chess Championship 2013 (Men)"]
[Site "Doha - Qatar"]
[Date "2013.??.??"]
[Round "5.7"]
[White "Al-Hajiri, Bader"]
[Black "Alhuwar, Jasem"]
[Result "1-0"]
[WhiteElo "2019"]
[BlackElo "2268"]
[PlyCount "73"]
[EventDate "2013.05.04"]

1. e4 c5 2. Nf3 Nc6 3. d4 cxd4 4. Nxd4 Nf6 5. Nc3 d6 6. Be3 g6 7. Qd2 Bg7 8. f3
O-O 9. O-O-O Nxd4 10. Bxd4 Be6 11. Kb1 a6 12. g4 b5 13. h4 b4 14. Nd5 Bxd5 15.
exd5 Qa5 16. Bc4 Rfc8 17. b3 Nxd5 18. Bxg7 Nc3+ 19. Bxc3 bxc3 20. Qf4 Qa3 21.
Qc1 Qa5 22. Bd5 Rab8 23. h5 Rc5 24. hxg6 Rxd5 25. Rxd5 Qxd5 26. Qh6 fxg6 27.
Qxh7+ Kf8 28. Qh8+ Qg8 29. Qxc3 Kf7 30. Qc4+ Kg7 31. Qxa6 Qd5 32. Qe2 e5 33.
Qe3 Rf8 34. Qh6+ Kf7 35. Qh7+ Kf6 36. g5+ Kf5 37. Qh3+ 1-0

[Event "Zone 3.1 Championship 2013"]
[Site "Doha, Qatar"]
[Date "2013.05.08"]
[Round "5.8"]
[White "Hejazipour, Mitra"]
[Black "Saleh, Nora Mohd"]
[Result "1-0"]
[LiveChessVersion "1.4.1"]
[BlackElo "1892"]
[WhiteElo "2236"]

1. d4 {[%clk 1:30:57]} d5 {[%clk 1:30:02]} 2. Nf3 {[%clk 1:30:06]} Nf6
{[%clk 1:30:01]} 3. c4 {[%clk 1:30:19]} e6 {[%clk 1:29:59]} 4. Nc3
{[%clk 1:30:20]} Be7 {[%clk 1:30:01]} 5. Bg5 {[%clk 1:28:32]} h6 {[%clk 1:29:47]}
6. Bh4 {[%clk 1:25:25]} O-O {[%clk 1:29:00]} 7. e3 {[%clk 1:25:34]} Ne4
{[%clk 1:28:21]} 8. Bxe7 {[%clk 1:23:58]} Qxe7 {[%clk 1:28:48]} 9. Rc1
{[%clk 1:22:05]} c6 {[%clk 1:26:18]} 10. Bd3 {[%clk 1:21:12]} Nxc3
{[%clk 1:24:41]} 11. Rxc3 {[%clk 1:21:38]} dxc4 {[%clk 1:21:56]} 12. Bxc4
{[%clk 1:22:01]} Nd7 {[%clk 1:21:05]} 13. O-O {[%clk 1:19:47]} b6
{[%clk 1:20:34]} 14. Bd3 {[%clk 1:16:30]} c5 {[%clk 1:20:33]} 15. Qc2
{[%clk 1:06:24]} Nf6 {[%clk 1:00:45]} 16. dxc5 {[%clk 0:42:29]} Nd5
{[%clk 1:00:07]} 17. Rb3 {[%clk 0:42:36]} bxc5 {[%clk 1:00:02]} 18. Rc1
{[%clk 0:30:40]} Nb4 {[%clk 0:52:36]} 19. Qxc5 {[%clk 0:27:56]} Qxc5
{[%clk 0:53:01]} 20. Rxc5 {[%clk 0:28:22]} Nxd3 {[%clk 0:49:58]} 21. Rxd3
{[%clk 0:28:46]} Bb7 {[%clk 0:49:29]} 22. Nd4 {[%clk 0:24:17]} Rfc8
{[%clk 0:46:10]} 23. Rdc3 {[%clk 0:24:01]} Rxc5 {[%clk 0:42:58]} 24. Rxc5
{[%clk 0:24:29]} Kf8 {[%clk 0:42:29]} 25. Kf1 {[%clk 0:22:30]} Bd5
{[%clk 0:39:24]} 26. b3 {[%clk 0:21:10]} a6 {[%clk 0:37:06]} 27. a3
{[%clk 0:16:47]} Ra7 {[%clk 0:37:05]} 28. b4 {[%clk 0:16:55]} Rb7
{[%clk 0:36:25]} 29. f3 {[%clk 0:17:00]} Rd7 {[%clk 0:35:10]} 30. Ke2
{[%clk 0:17:07]} Ke8 {[%clk 0:29:19]} 31. Rc8+ {[%clk 0:08:56]} Rd8
{[%clk 0:19:18]} 32. Rxd8+ {[%clk 0:08:57]} Kxd8 {[%clk 0:19:46]} 33. Kd3
{[%clk 0:09:07]} Kc7 {[%clk 0:18:55]} 34. e4 {[%clk 0:08:57]} Bb7
{[%clk 0:19:11]} 35. Kc4 {[%clk 0:08:44]} Kd6 {[%clk 0:16:14]} 36. a4
{[%clk 0:09:00]} g6 {[%clk 0:16:06]} 37. Nb3 {[%clk 0:08:50]} f5 {[%clk 0:15:29]}
38. Nc5 {[%clk 0:08:43]} Bc8 {[%clk 0:15:42]} 39. Kd4 {[%clk 0:08:36]} e5+
{[%clk 0:14:59]} 40. Kc4 {[%clk 0:08:57]} f4 {[%clk 0:15:02]} 41. b5
{[%clk 0:09:06]} axb5+ {[%clk 0:13:06]} 42. Kxb5 {[%clk 0:09:10]} Kc7
{[%clk 0:10:44]} 43. a5 {[%clk 0:09:31]} g5 {[%clk 0:10:52]} 44. a6
{[%clk 0:09:56]} Kb8 {[%clk 0:10:59]} 45. Kb6 {[%clk 0:10:21]} h5
{[%clk 0:11:06]} 46. Nd3 {[%clk 0:10:32]} 1-0

[Event "Zone 3.1 Championship 2013"]
[Site "Doha, Qatar"]
[Date "2013.05.08"]
[Round "5.10"]
[White "Dahdal, Lougain"]
[Black "Al-Khelaifi, Salama"]
[Result "1-0"]
[LiveChessVersion "1.4.1"]
[BlackElo "1810"]
[WhiteElo "1972"]

1. d4 {[%clk 1:30:29]} d5 {[%clk 1:30:53]} 2. c4 {[%clk 1:30:53]} e5
{[%clk 1:30:50]} 3. dxe5 {[%clk 1:31:08]} d4 {[%clk 1:31:07]} 4. Nf3
{[%clk 1:31:32]} Nc6 {[%clk 1:31:30]} 5. Nbd2 {[%clk 1:31:50]} Bg4
{[%clk 1:31:45]} 6. Nb3 {[%clk 1:31:27]} Qd7 {[%clk 1:07:53]} 7. Nbxd4
{[%clk 1:14:17]} O-O-O {[%clk 0:47:38]} 8. e3 {[%clk 1:13:55]} Bxf3
{[%clk 0:43:29]} 9. gxf3 {[%clk 1:12:18]} Bb4+ {[%clk 0:43:19]} 10. Bd2
{[%clk 1:12:11]} Bxd2+ {[%clk 0:43:30]} 11. Qxd2 {[%clk 1:12:24]} Nxe5
{[%clk 0:43:27]} 12. Bg2 {[%clk 1:03:49]} c5 {[%clk 0:37:20]} 13. Nb3
{[%clk 1:03:57]} Qxd2+ {[%clk 0:35:14]} 14. Nxd2 {[%clk 1:04:11]} Nd3+
{[%clk 0:34:22]} 15. Ke2 {[%clk 1:03:43]} Nf6 {[%clk 0:22:57]} 16. b3
{[%clk 0:59:43]} Nxf2 {[%clk 0:21:53]} 17. Rhf1 {[%clk 0:59:09]} Nd3
{[%clk 0:22:02]} 18. Rad1 {[%clk 0:54:29]} Rhe8 {[%clk 0:19:08]} 19. Ne4
{[%clk 0:51:01]} Nxe4 {[%clk 0:17:58]} 20. Rxd3 {[%clk 0:51:23]} Rxd3
{[%clk 0:18:10]} 21. Kxd3 {[%clk 0:51:41]} Nf6 {[%clk 0:17:46]} 22. Bh3+
{[%clk 0:46:02]} Kc7 {[%clk 0:18:06]} 23. Rg1 {[%clk 0:46:00]} g6
{[%clk 0:17:33]} 24. Rd1 {[%clk 0:42:02]} Rd8+ {[%clk 0:17:04]} 25. Ke2
{[%clk 0:38:45]} Rxd1 {[%clk 0:17:26]} 26. Kxd1 {[%clk 0:39:09]} Kd6
{[%clk 0:17:32]} 27. Kd2 {[%clk 0:39:18]} b6 {[%clk 0:16:55]} 28. Kd3
{[%clk 0:39:04]} Ne8 {[%clk 0:16:45]} 29. Ke4 {[%clk 0:35:19]} Nc7
{[%clk 0:14:15]} 30. Kf4 {[%clk 0:31:35]} h6 {[%clk 0:14:05]} 31. Bc8
{[%clk 0:27:20]} Ne8 {[%clk 0:13:20]} 32. Bb7 {[%clk 0:26:08]} Ng7
{[%clk 0:13:16]} 33. h4 {[%clk 0:24:01]} f5 {[%clk 0:12:41]} 34. Kg3
{[%clk 0:18:39]} Nh5+ {[%clk 0:11:59]} 35. Kf2 {[%clk 0:18:45]} Ke5
{[%clk 0:10:58]} 36. f4+ {[%clk 0:15:50]} Ke6 {[%clk 0:10:11]} 37. Bd5+
{[%clk 0:15:23]} Ke7 {[%clk 0:10:33]} 38. Bf3 {[%clk 0:15:28]} Nf6
{[%clk 0:10:46]} 39. Kg3 {[%clk 0:14:17]} Ke6 {[%clk 0:10:43]} 40. h5
{[%clk 0:12:50]} gxh5 {[%clk 0:10:42]} 41. Kh4 {[%clk 0:12:59]} Ng4
{[%clk 0:10:53]} 42. Kxh5 {[%clk 0:11:35]} Nxe3 43. Kxh6 {[%clk 0:11:11]} Kf6
{[%clk 0:11:15]} 44. Kh5 {[%clk 0:08:21]} Nc2 {[%clk 0:11:16]} 45. Kh4
{[%clk 0:07:55]} Nb4 {[%clk 0:11:08]} 46. a4 {[%clk 0:06:32]} Nc2
{[%clk 0:08:31]} 47. Kg3 {[%clk 0:06:00]} Nd4 {[%clk 0:08:39]} 48. Bd1
{[%clk 0:05:38]} Kg6 {[%clk 0:08:00]} 49. Kh4 {[%clk 0:04:18]} Ne6
{[%clk 0:08:08]} 50. Kg3 {[%clk 0:04:41]} Ng7 {[%clk 0:07:51]} 51. Kh4
{[%clk 0:04:15]} Kf6 {[%clk 0:05:48]} 52. Kg3 {[%clk 0:04:32]} Ne6
{[%clk 0:05:40]} 53. Be2 {[%clk 0:04:15]} Nd4 {[%clk 0:06:09]} 54. Bd1
{[%clk 0:04:34]} Ke6 {[%clk 0:06:13]} 55. Kf2 {[%clk 0:02:36]} Kd6
{[%clk 0:06:31]} 56. Ke3 {[%clk 0:02:11]} Kc7 {[%clk 0:06:10]} 57. b4
{[%clk 0:01:22]} Kd6 {[%clk 0:05:19]} 58. b5 {[%clk 0:01:16]} Ke6
{[%clk 0:05:03]} 59. Kf2 {[%clk 0:01:17]} Kf6 {[%clk 0:04:55]} 60. Kg3
{[%clk 0:00:31]} Kg6 {[%clk 0:05:04]} 61. Kh4 {[%clk 0:00:33]} Ne6
{[%clk 0:05:08]} 62. Kg3 {[%clk 0:00:47]} Ng7 {[%clk 0:05:07]} 63. Kh4
{[%clk 0:00:38]} Kf6 {[%clk 0:04:45]} 64. Kg3 {[%clk 0:00:48]} Ne8
{[%clk 0:05:07]} 65. Kf3 {[%clk 0:30:46]} Nd6 {[%clk 0:36:06]} 66. Be2
{[%clk 0:30:42]} Ne4 {[%clk 0:36:20]} 67. Bd3 {[%clk 0:28:29]} Nc3
{[%clk 0:30:28]} 68. Bc2 {[%clk 0:28:29]} Kg6 {[%clk 0:28:26]} 69. Ke3
{[%clk 0:27:40]} Kf6 {[%clk 0:22:36]} 70. Kf3 {[%clk 0:26:51]} Kg6
{[%clk 0:20:18]} 71. Ke3 {[%clk 0:27:09]} Kf6 {[%clk 0:15:16]} 72. Kf3
{[%clk 0:27:15]} Na2 {[%clk 0:14:29]} 73. Ke3 {[%clk 0:26:33]} Nc3
{[%clk 0:11:34]} 74. Kf3 {[%clk 0:26:18]} Na2 {[%clk 0:09:29]} 75. Ke3
{[%clk 0:26:35]} Nb4 {[%clk 0:09:31]} 76. Bb1 {[%clk 0:25:55]} a6
{[%clk 0:09:59]} 77. Kf3 {[%clk 0:25:02]} a5 {[%clk 0:10:07]} 78. Kg3
{[%clk 0:25:02]} Kg6 {[%clk 0:10:29]} 79. Kh4 {[%clk 0:25:08]} Kf6
{[%clk 0:10:57]} 80. Kh5 {[%clk 0:25:10]} Ke6 {[%clk 0:11:05]} 81. Kg6
{[%clk 0:25:17]} Ke7 {[%clk 0:11:23]} 82. Kxf5 {[%clk 0:25:04]} Kf7
{[%clk 0:11:43]} 83. Ke5 {[%clk 0:25:00]} Ke7 {[%clk 0:11:34]} 84. f5
{[%clk 0:24:42]} Kd7 {[%clk 0:09:18]} 85. Kf6 {[%clk 0:24:39]} Ke8
{[%clk 0:02:36]} 86. Kg7 {[%clk 0:24:51]} Nd5 {[%clk 0:00:57]} 87. cxd5
{[%clk 0:25:00]} c4 {[%clk 0:01:05]} 88. f6 {[%clk 0:25:09]} c3 {[%clk 0:01:14]}
89. f7+ 1-0